Outer Banks - Staffel 1 - Statistiken

Allgemein
  • Dieses Quiz wurde 204 mal gespielt
  • Das Durchschnittsergebnis liegt bei 3 aus 12
Antwortstatistiken
Hint Antwort % Korrekt
Wer hat Peterkin erschossen ? Rafe Cameron
91%
Wie heisst der Drogendealer der Rafe häufig Drogen verkauft? Barry
39%
Wem gehöhrt das Boot welches in Folge 1 gefunden wurde ? Scooter Grubbs
32%
Was sind die Namen welche sich John B und Sarah auf ihrer Mission geben ? Vlad und Val
30%
Wie heisst der Intro Song der Serie? Left Hand Free
29%
Was schenkt Sarah John B als sie plötzlich bei ihm zuhause auftaucht ? Chips
25%
Wie heisst Sarah Cameron mit zweitem Namen ? Elizabeth
18%
Was war das für ein Boot ? Grady White
15%
Wie viel Kostet das Hemd welches sich John B im Ben Silver anschaut ? 190 $
9%
Woher kommen sie ? Quebec und Wien
3%
Wie heisst Deputy Shoupe mit Vornamen ? Victor
3%
Was hat Pope auf Toppers Boot entfernt? Lenzstopfen
2%
Keine übereinstimmenden Quizze gefunden
Verteilung der Resultate
Anzahl Personen mit jedem Resultat
Perzentil nach korrekt beantworteten Fragen
Ihre Resultats-Entwicklung
Sie haben dieses Quiz noch nicht gespielt